00488nam a2200181Ia 4500008004100000020001800041050001600059100001900075245004900094245006900143260001500212260001600227260000900243300001600252300002000268300001000288500000800298170918s9999 xx 000 0 und d a9780439744478 bC222ch 2004 aCanfield, Jack aChicken soup for the African American soul / cby Jack Canfield, Mark Victor Hansen, Lisa Nichols & Tom Jorner. aNew York : bScholastic, c2004 a382 pages : billustrations ; c22cm. a970